000 00417nam a2200145Ia 4500
008 231129s1998||||xx |||||||||||||| ||spa||
020 _a958-30-0521-5
040 _bspa
082 _a(i) Co863.44 D111g
100 _aDa Coll Ivar
245 0 _aGarabato: historias de Eusebio III
260 _c1998
264 _aSantafé de Bogotá Colombia: Panamericana
942 _2ddc
_cBKS
999 _c14343
_d14343